000 00237nam a22000857a 4500
008 160702b xxu||||| |||| 00| 0 eng d
100 _91759
_a Chatterji, P.N
245 _aMathematics for Competitions
260 _aMeerut
_bRajhans Agencies
_c1993
999 _c1463
_d1463